STN 33 3201: 2004 [neplatná], Elektrické inštalácie so striedavým napätím nad 1 kV

Norma obsahuje HD 637 S1: 1999

Bibliographic Details
Main Authors: Kluch, Karol, 1947- (Author), Hudák, Dušan (Author), Kolláriková, Eva (Author)
Format: Book
Language:Slovak
Published: Bratislava Slovenský ústav technickej normalizácie 2004
Subjects:

MARC

LEADER 00000nam a22000000i 4500
001 vtls009928262
003 SK-MaSNL
005 20260301212320.0
008 240130s2004 xo a r 00 slo
035 |a (SVKBBclas03)vtls000205792 
040 |a SNK  |b slo  |c SNK  |e AACR2 
041 0 |a slo 
044 |a xo  |c SK 
046 |a m  |m 20040601 (účin.)  |n 20131101 (zruš.) 
245 0 0 |a STN 33 3201: 2004 [neplatná], Elektrické inštalácie so striedavým napätím nad 1 kV 
246 1 0 |a Elektrické inštalácie so striedavým napätím nad 1 kV 
260 |a Bratislava  |b Slovenský ústav technickej normalizácie  |c 2004 
500 |a Norma je nahradená normou STN EN 50522 a normou STN EN 61936-1 z augusta 2011 v celom rozsahu. [Môže sa s nimi súbežne používať do 1.11.2013] 
500 |a Spracovateľ: VSE a.s. Košice; VÚJE a.s. Trnava, Karol Kluch, Dušan Hudák, Eva Kolláriková 
520 8 |a Norma obsahuje HD 637 S1: 1999 
540 |a STN vydané na akomkoľvek nosiči sa môžu rozmnožovať a rozširovať iba so súhlasom určenej právnickej osoby  |b SÚTN Bratislava  |c zákon 264/1999 Z. z. 
650 0 7 |a technické normy a štandardy  |z Slovensko  |2 SNKPH  |9 79594 
655 7 |a normy  |2 SNKPH  |9 70643 
700 1 |a Kluch, Karol,  |d 1947-  |4 aut  |9 11909 
700 1 |a Hudák, Dušan  |4 aut  |9 279226 
700 1 |a Kolláriková, Eva  |4 aut  |9 528226 
710 2 |a VSE a.s. (Košice, Slovensko)  |4 stn  |9 597649 
710 2 |a Výskumný ústav jadrových elektrární (Trnava, Slovensko)  |4 stn  |9 34181 
774 1 8 |t STN EN 50522: 2011  |d Bratislava: Slovenský ústav technickej normalizácie, 2011  |w vtl010297928 
774 1 8 |t STN EN 61936-1: 2011  |d Bratislava: Slovenský ústav technickej normalizácie, 2011  |w vtls010302768 
852 |a Štátna vedecká knižnica v Banskej Bystrici 
991 |g DL 12000568  |h 9.6.2004 
999 |c 917834  |d 919764 
952 |t P60, <03>, [BOOK], {603}  |a SNK  |b SNK  |y PREZ  |7 0  |p 17A0432009  |o snkSTN 33 3201  |i snkN 2461/2004  |0 0  |1 0  |4 0  |d 2004-06-07  |l 0  |r 2005-01-02 00:00:00  |w 2026-02-24 
952 |t P66, <07>, [BOOK], {667}  |a SNK  |b SNK  |y PREZ  |7 0  |p 17A0432010  |o snkSTN 33 3201 D1  |i snkN 2462/2004  |0 0  |1 0  |4 0  |d 2004-06-07  |l 0  |r 2005-01-02 00:00:00  |w 2026-02-24